Rhymes with Quiz Stats

 Plays Quiz not verified by Sporcle

Support Sporcle.
Go Orange.
Score 0/56 Timer 05:00
0 Plays Today
Hint Answer % Correct
care
95.6%
dare
92.7%
bare
91.9%
mare
91.8%
hair
91.5%
fair
87.9%
lair
86.7%
hare
86.3%
fare
86.3%
stare
84.3%
share
82.7%
pair
80.6%
pare
80.6%
tear
79.4%
chair
79.4%
wear
79.3%
ware
76.7%
air
71.8%
tare
71.6%
glare
70.6%
flare
66.5%
spare
66.5%
blare
65.3%
scare
62.1%
there
59.3%
snare
56.9%
stair
53.6%
swear
52%
Hint Answer % Correct
where
50.4%
their
39.9%
square
32.7%
they're
24.2%
heir
23%
year
15.3%
rear
14.5%
near
12.9%
mere
12.5%
hear
12.1%
gear
12.1%
we're
12.1%
ear
10.5%
clear
9.7%
queer
9.3%
deer
8.1%
smear
7.7%
beer
7.7%
spear
7.3%
cheer
6.9%
jeer
6.5%
veer
6%
peer
6%
shear
5.6%
seer
4.8%
sneer
2.8%
tier
2.4%
pier
2%

You're not logged in!

Compare scores with friends on all Sporcle quizzes.
OR
Log In

From the Vault

Click a Nobel Peace Prize Laureate

by Noldeh

For the men and women who lend a helping hand to the entire planet.
Remove Ads.
Support Sporcle.
Get the best of Sporcle when you Go Orange. This ad-free experience offers more features, more stats, and more fun while also helping to support Sporcle. Thank you for becoming a member.

Show Comments

Extras

Created Oct 13, 2013ReportNominate
Tags:bear, Rhyme

Top Quizzes Today


Score Distribution

Your Account Isn't Verified!

In order to create a playlist on Sporcle, you need to verify the email address you used during registration. Go to your Sporcle Settings to finish the process.

Report this User

Report this user for behavior that violates our Community Guidelines.

Details: